Wealth,poverty and starvation; (Record no. 131841)
[ view plain ]
| 000 -LEADER | |
|---|---|
| fixed length control field | 00739nam a22002177a 4500 |
| 008 - FIXED-LENGTH DATA ELEMENTS--GENERAL INFORMATION | |
| fixed length control field | 240312b |||||||| |||| 00| 0 eng d |
| 020 ## - INTERNATIONAL STANDARD BOOK NUMBER | |
| International Standard Book Number | 0745002072. |
| 050 ## - LIBRARY OF CONGRESS CALL NUMBER | |
| Classification number | HC79.I5G47 1988 |
| 100 ## - MAIN ENTRY--PERSONAL NAME | |
| Personal name | George ,Vic |
| 9 (RLIN) | 52565 |
| 245 ## - TITLE STATEMENT | |
| Title | Wealth,poverty and starvation; |
| Remainder of title | a world perspective. |
| Statement of responsibility, etc | Vic,George. |
| 300 ## - PHYSICAL DESCRIPTION | |
| Extent | xi; |
| Other physical details | 234p, |
| Dimensions | 22cm. |
| 650 ## - SUBJECT ADDED ENTRY--TOPICAL TERM | |
| Form subdivision | income distribution; |
| 9 (RLIN) | 52566 |
| 650 ## - SUBJECT ADDED ENTRY--TOPICAL TERM | |
| Form subdivision | Wealth, |
| 9 (RLIN) | 7285 |
| 650 ## - SUBJECT ADDED ENTRY--TOPICAL TERM | |
| General subdivision | poor, |
| 9 (RLIN) | 48389 |
| 650 ## - SUBJECT ADDED ENTRY--TOPICAL TERM | |
| Form subdivision | economic development, |
| 9 (RLIN) | 9273 |
| 650 ## - SUBJECT ADDED ENTRY--TOPICAL TERM | |
| Form subdivision | developing countries; |
| General subdivision | income distribution, |
| 9 (RLIN) | 52567 |
| 650 ## - SUBJECT ADDED ENTRY--TOPICAL TERM | |
| Form subdivision | developing countries; |
| General subdivision | wealth, |
| 9 (RLIN) | 52569 |
| 650 ## - SUBJECT ADDED ENTRY--TOPICAL TERM | |
| Form subdivision | developing countries; |
| General subdivision | poor; |
| 9 (RLIN) | 52570 |
| 650 ## - SUBJECT ADDED ENTRY--TOPICAL TERM | |
| Form subdivision | developing countries; |
| General subdivision | economic conditions, |
| 9 (RLIN) | 42639 |
| 942 ## - ADDED ENTRY ELEMENTS (KOHA) | |
| Source of classification or shelving scheme | Library of Congress Classification |
| Item type | Monograph ( Printed materials) |
| Withdrawn status | Lost status | Source of classification or shelving scheme | Damaged status | Not for loan | Home library | Current library | Shelving location | Date acquired | Total Checkouts | Full call number | Barcode | Date last seen | Price effective from | Koha item type |
|---|---|---|---|---|---|---|---|---|---|---|---|---|---|---|
| Library of Congress Classification | ARRUPE LIBRARY | ARRUPE LIBRARY | Main Collection | 12/03/2024 | HC79.I5G47 1988 | 46700000148 | 12/03/2024 | 12/03/2024 | Monograph ( Printed materials) |